000
00309nam a2200157Ia 4500
100
_a
Earnest/Joshua
650
_a
wind
250
_a
3
942
_c
BK
366
_f
25
245
_a
Wind Power technology
260
_b
prentice hall
_c
2019
082
_a
621.471
_b
EAR
546
_a
ENGLISH
999
_c
26047
_d
26047